[Event "AUTO-MASTER-2276"]
[Site "http://www.queenalice.com/game.php?id=1351493"]
[Date "2015.4.3"]
[Round "1"]
[White "Deton"]
[Black "Paked"]
[Result "1/2-1/2"]
[WhiteElo "2098"]
[BlackElo "1937"]

1. d4 d5 2. c4 e6 3. Nc3 c5 4. cxd5 exd5 5. dxc5 d4 6. Ne4 f5 7. Bg5 Qa5+ 8. Nd2
Bxc5 9. h3 h6 10. Bf4 Nf6 11. Nf3 Ne4 12. Qb3 g5 13. Be5 Bb4 14. Qc2 O-O 15.
Bxd4 Nxd2 16. Nxd2 Be6 17. Bc3 Nc6 18. a3 Bxc3 19. bxc3 Rac8 20. Qb2 Rfd8 21. e3
Ne5 22. Be2 Rxc3 23. O-O Rxe3 24. fxe3 Rxd2 25. Qb5 Qxb5 26. Bxb5 a6 27. Be8 Bd5
28. Rf2 Rxf2 29. Kxf2 Kf8 30. Ba4 Nd3+ 31. Kg3 h5 32. Bc2 h4+ 33. Kh2 Be4 34.
Bxd3 Bxd3 35. Rd1 Be4 36. Rd7 a5 37. g3 hxg3+ 38. Kxg3 b5 39. Kf2 b4 40. axb4
axb4 41. Rd4 b3 42. Rb4 Bc2 43. Rb7 Kg8 44. Kg3 Kf8 45. h4 gxh4+ 46. Kxh4 Ke8
47. Kg5 Kf8 48. Kf6 Ke8 49. Ke6 Kd8 50. Kd6 Ke8 51. Ke6 Kd8 52. Kd6 Ke8 53. Ke6
1/2-1/2

[Event "AUTO-MASTER-2276"]
[Site "http://www.queenalice.com/game.php?id=1351494"]
[Date "2015.4.3"]
[Round "1"]
[White "Paked"]
[Black "Deton"]
[Result "0-1"]
[WhiteElo "1969"]
[BlackElo "2069"]

1. e4 e5 2. Nf3 d6 3. Bc4 h6 4. O-O Nf6 5. d4 Qe7 6. Nc3 c6 7. dxe5 dxe5 8. Qd3
b5 9. Nxb5 cxb5 10. Bxb5+ Bd7 11. Bxd7+ Nbxd7 12. Be3 Qe6 13. Rad1 Be7 14. b3
O-O 15. c4 a5 16. Nh4 Nc5 17. Bxc5 Bxc5 18. Qf3 g6 19. Rd3 a4 20. Rfd1 Kg7 21.
h3 axb3 22. axb3 Qc6 23. Nf5+ gxf5 24. Qxf5 Qe6 25. Rg3+ Kh8 26. Qf3 Rg8 27.
Rxg8+ Rxg8 28. g4 Nh5 29. Rd5 Bb4 30. Kh1 Nf4 31. Rb5 Bf8 32. Qc3 Rg5 33. Rb8
Kg7 0-1

[Event "Aspayne"]
[Site "http://www.queenalice.com/game.php?id=1353016"]
[Date "2015.4.11"]
[Round "5"]
[White "Deton"]
[Black "squarsh"]
[Result "1-0"]
[WhiteElo "2069"]
[BlackElo "1905"]

1. d4 d5 2. c4 c6 3. Nc3 Bf5 4. Nf3 e6 5. Bf4 Nf6 6. e3 Bd6 7. Bxd6 Qxd6 8. c5
Qe7 9. Bd3 Bg4 10. h3 Bh5 11. O-O Nbd7 12. Be2 1-0

[Event "Let's Play Chess!"]
[Site "http://www.queenalice.com/game.php?id=1560847"]
[Date "2019.2.13"]
[Round "-"]
[White "lmtz"]
[Black "Deton"]
[Result "1-0"]
[WhiteElo "2279"]
[BlackElo "2103"]

1. e4 c5 2. Nf3 d6 3. d4 cxd4 4. Nxd4 Nc6 5. c4 e5 6. Nc2 Nf6 7. Nc3 h6 8. Be2
Be7 9. Be3 b6 10. O-O O-O 11. f3 Bb7 12. Qd2 Kh7 13. Rad1 Qc7 14. Nd5 Nxd5 15.
cxd5 Nb8 16. Rc1 Qd7 17. Nb4 Rc8 18. f4 f6 19. f5 Bd8 20. Rf3 Be7 21. Rxc8 Bxc8
22. Rg3 Bf8 23. Bh5 Na6 24. Nd3 Nc5 25. Nxc5 bxc5 26. Bg6+ Kh8 27. Qe2 Qe7 28.
Qh5 Kg8 29. Bxh6 Rb8 30. Bc1 1-0

[Event "Let's Play Chess!"]
[Site "http://www.queenalice.com/game.php?id=1560881"]
[Date "2019.2.13"]
[Round "-"]
[White "paolop69"]
[Black "Deton"]
[Result "0-1"]
[WhiteElo "1645"]
[BlackElo "2068"]

1. e4 c5 2. d3 Nc6 3. c3 e5 4. h3 d6 5. Be2 Nf6 6. Bg5 Be7 7. Nd2 Be6 8. Bg4 Qd7
9. Bxe6 Qxe6 10. Ngf3 h6 11. Bxf6 Bxf6 12. Nc4 b5 13. Ne3 O-O 14. Qb3 a6 15.
Qxe6 fxe6 16. O-O Rad8 17. Ng4 Be7 0-1

[Event "Let's Play Chess!"]
[Site "http://www.queenalice.com/game.php?id=1560882"]
[Date "2019.2.13"]
[Round "-"]
[White "Deton"]
[Black "paolop69"]
[Result "1-0"]
[WhiteElo "2066"]
[BlackElo "1647"]

1. e4 e5 2. Nc3 c6 3. f4 exf4 4. Nf3 Be7 5. d4 g5 6. Ne5 Bd6 7. Nxf7 Kxf7 8.
Qh5+ Kf8 9. Bc4 Qe7 10. e5 Bb4 11. O-O d5 12. exd6 Bxd6 13. Bd2 Nf6 14. Qxg5 Be6
15. Qh6+ Ke8 16. Bxe6 Kd8 17. Rae1 1-0

[Event "Let's Play Chess!"]
[Site "http://www.queenalice.com/game.php?id=1561133"]
[Date "2019.2.16"]
[Round "-"]
[White "charles31"]
[Black "Deton"]
[Result "0-1"]
[WhiteElo "1708"]
[BlackElo "2062"]

1. e4 e5 2. Nf3 Nf6 3. Bc4 Nxe4 4. d3 Nf6 5. Nxe5 d5 6. Bb3 Bd6 7. Qe2 O-O 8. f4
Re8 9. O-O Nc6 10. Re1 Nxe5 11. fxe5 Rxe5 12. Qf2 Ng4 13. Qd2 Qh4 14. h3 Rxe1+
0-1

[Event "Let's Play Chess!"]
[Site "http://www.queenalice.com/game.php?id=1561134"]
[Date "2019.2.16"]
[Round "-"]
[White "Deton"]
[Black "charles31"]
[Result "1-0"]
[WhiteElo "2072"]
[BlackElo "1723"]

1. e4 e5 2. Nf3 d6 3. d4 exd4 4. Nxd4 h6 5. Nc3 Nf6 6. Be3 Bg4 7. Be2 Bxe2 8.
Qxe2 Qd7 9. Nd5 Nxd5 10. exd5 Be7 11. Qf3 c6 12. dxc6 bxc6 13. Rd1 O-O 14. O-O
a5 15. Rfe1 d5 16. Nf5 Bd6 17. Qg4 Be5 18. Nxh6+ Kh7 19. Nf5 g6 20. Qh4+ Kg8 21.
Ne7+ Kg7 22. Bh6+ 1-0

[Event "Let's Play Chess!"]
[Site "http://www.queenalice.com/game.php?id=1561135"]
[Date "2019.2.16"]
[Round "-"]
[White "charles31"]
[Black "Deton"]
[Result "0-1"]
[WhiteElo "1753"]
[BlackElo "2101"]

1. d4 d5 2. Nc3 e6 3. a3 Nf6 4. Bg5 Be7 5. h3 c5 6. dxc5 Bxc5 7. Nf3 Nc6 8. e3
a6 9. Bd3 Be7 10. Qe2 b5 11. Nd4 Bb7 12. Nxc6 Bxc6 13. Bxf6 Bxf6 14. O-O O-O 15.
Rad1 Qc7 16. e4 dxe4 17. Bxe4 Bxc3 18. bxc3 Bxe4 19. Qxe4 Qxc3 20. Rd3 Qxc2 21.
Rfd1 Rab8 22. R1d2 Qc1+ 23. Kh2 Qc5 24. Rg3 Qc7 25. Qd4 f6 26. h4 Rbd8 27. Qe3
Rxd2 28. Qxe6+ Kh8 29. Qg4 Rxf2 30. Kg1 Rf4 31. Qe2 Qc1+ 32. Kh2 Rxh4+ 33. Rh3
Qc7+ 34. Kh1 Rxh3+ 35. gxh3 Qg3 0-1

[Event "Let's Play Chess!"]
[Site "http://www.queenalice.com/game.php?id=1561136"]
[Date "2019.2.16"]
[Round "-"]
[White "Deton"]
[Black "charles31"]
[Result "1-0"]
[WhiteElo "2074"]
[BlackElo "1711"]

1. d4 d5 2. c4 dxc4 3. Nc3 c6 4. a4 Bg4 5. f3 Bh5 6. e4 e6 7. Bf4 Bd6 8. e5 Bb4
9. Bxc4 a6 10. Ne2 Ne7 11. O-O h6 12. Bd2 Nd7 13. Ne4 Bxd2 14. Nd6+ Kf8 15. Qxd2
Nb6 16. Bd3 Qc7 17. Ng3 Bg6 18. Bxg6 Nxg6 19. f4 Nd5 20. f5 exf5 21. Rxf5 Nde7
22. Rxf7+ Kg8 23. Ngf5 Rf8 24. Rxg7# 1-0

[Event "Let's Play Chess!"]
[Site "http://www.queenalice.com/game.php?id=1561137"]
[Date "2019.2.16"]
[Round "-"]
[White "charles31"]
[Black "Deton"]
[Result "0-1"]
[WhiteElo "1725"]
[BlackElo "2070"]

1. Nc3 d5 2. d4 Nf6 3. h3 Bf5 4. e3 e6 5. Bd3 Bxd3 6. Qxd3 c6 7. Nf3 Be7 8. Ne5
Nbd7 9. f4 Nxe5 10. fxe5 Nh5 11. Ne2 Bh4+ 12. g3 Bxg3+ 13. Nxg3 Nxg3 14. Rg1 Qh4
15. Kd1 Qxh3 16. Bd2 Qg4+ 17. Ke1 Qh4 18. Kd1 Qh2 19. Re1 Ne4 20. c3 Nf2+ 0-1

[Event "Let's Play Chess!"]
[Site "http://www.queenalice.com/game.php?id=1561138"]
[Date "2019.2.16"]
[Round "-"]
[White "Deton"]
[Black "charles31"]
[Result "1-0"]
[WhiteElo "2064"]
[BlackElo "1718"]

1. e4 e5 2. Nc3 a6 3. f4 exf4 4. Nf3 h6 5. d4 g5 6. Ne5 d6 7. Nd3 Bg7 8. d5
Bxc3+ 9. bxc3 Bd7 10. h3 Qe7 11. Nf2 Nf6 12. Bd3 Nh5 13. Qxh5 c6 14. c4 cxd5 15.
cxd5 b5 16. O-O a5 17. Bb2 1-0

[Event "AUTO-OPEN-4030"]
[Site "http://www.queenalice.com/game.php?id=1561892"]
[Date "2019.2.22"]
[Round "1"]
[White "Bigchess"]
[Black "Deton"]
[Result "0-1"]
[WhiteElo "1873"]
[BlackElo "2076"]

1. d4 d5 2. Nf3 c6 3. e3 Nf6 4. Bd3 Bg4 5. Nc3 e6 6. Qe2 Nbd7 7. h3 Bf5 8. Bxf5
exf5 9. Bd2 Ne4 10. Nxe4 fxe4 11. Nh2 Be7 12. Ng4 Nf6 13. Nxf6+ Bxf6 14. Bc3 h6
15. a3 Rc8 16. Rb1 O-O 17. O-O Qd7 18. f4 exf3 19. Qxf3 Rce8 20. Qg3 Re6 21.
Rbe1 Rfe8 22. Bd2 Qd8 23. e4 Bh4 24. Qf3 Rf6 25. Qg4 Bxe1 26. Rxe1 dxe4 27. Bc3
Qd5 28. Kh1 Rg6 29. Qe2 e3 30. Bd2 Qxd4 31. Bc3 Qd5 0-1

[Event "AUTO-OPEN-4030"]
[Site "http://www.queenalice.com/game.php?id=1561893"]
[Date "2019.2.22"]
[Round "1"]
[White "Deton"]
[Black "Bigchess"]
[Result "1-0"]
[WhiteElo "2084"]
[BlackElo "1863"]

1. e4 e5 2. Nc3 d6 3. f4 exf4 4. Nf3 Nc6 5. d4 Nf6 6. Bxf4 Be7 7. Be2 O-O 8. O-O
b6 9. Qd2 Bb7 10. Rad1 a5 11. a3 Re8 12. Bb5 Rf8 13. d5 Nb8 14. Qf2 Nbd7 15. Kh1
Ba6 16. Bxa6 Rxa6 17. e5 dxe5 18. Nxe5 Nxe5 19. Bxe5 Ra8 20. h3 Bc5 21. Qg3 Be7
22. Bxc7 Qd7 23. d6 Bd8 24. Rf2 Bxc7 25. dxc7 Qc6 26. Rd6 Qc5 27. Rfxf6 Qxc7 28.
Rf3 Rad8 29. Rxd8 Qxd8 30. Ne4 Qd1+ 31. Kh2 Qxc2 32. Nf6+ Kh8 33. Nh5 Qxb2 34.
Rxf7 Rg8 35. Qc7 Qd4 36. Nf6 gxf6 37. Rxh7# 1-0

[Event "AUTO-OPEN-4030"]
[Site "http://www.queenalice.com/game.php?id=1561914"]
[Date "2019.2.22"]
[Round "1"]
[White "Deton"]
[Black "chessman"]
[Result "1/2-1/2"]
[WhiteElo "2102"]
[BlackElo "1920"]

1. e4 e6 2. d4 d5 3. Nd2 dxe4 4. Nxe4 Nf6 5. Bg5 Be7 6. Nxf6+ Bxf6 7. Bxf6 Qxf6
8. Nf3 O-O 9. Bd3 b6 10. Be4 c6 11. O-O Bb7 12. Ne5 Qe7 13. Qh5 g6 14. Qf3 Rc8
15. h3 Kg7 16. c4 f5 17. Bd3 c5 18. Qe3 cxd4 19. Qxd4 Kg8 20. Qe3 Qc5 21. Qf4
Nc6 22. Nxc6 Qxc6 23. Qg3 Rd8 24. Be2 Rab8 25. b3 Qd6 26. Qxd6 Rxd6 27. Rfd1
Rbd8 28. Rxd6 Rxd6 29. Kf1 e5 30. f3 Kf7 31. Ke1 Ke6 32. Kf2 Rd2 33. Kf1 e4 34.
fxe4 Bxe4 35. Ke1 Rd8 36. Bf3 Bxf3 37. gxf3 Ke5 38. Rc1 Kf4 39. Ke2 Re8+ 40. Kf2
Rd8 41. Ke2 g5 42. b4 h5 43. c5 bxc5 44. bxc5 Kg3 45. c6 Kxh3 46. c7 Rc8 47. Kf2
Kh2 48. Rc5 g4 49. fxg4 hxg4 50. Rxf5 g3+ 51. Ke2 Rxc7 52. Rh5+ Kg2 53. a4 Re7+
54. Kd1 Rf7 55. Ke2 Re7+ 56. Kd2 Kg1 57. a5 g2 58. Kd1 Rf7 59. Ke2 Re7+ 60. Kd2
Rf7 61. Ke2 1/2-1/2

[Event "AUTO-OPEN-4030"]
[Site "http://www.queenalice.com/game.php?id=1561915"]
[Date "2019.2.22"]
[Round "1"]
[White "chessman"]
[Black "Deton"]
[Result "0-1"]
[WhiteElo "1868"]
[BlackElo "2095"]

1. e4 e5 2. Nf3 Nc6 3. Bc4 h6 4. O-O d6 5. d4 Bg4 6. dxe5 Nxe5 7. Be2 Be6 8. Nc3
Nf6 9. Nxe5 dxe5 10. Be3 a6 11. f4 exf4 12. Bxf4 c6 13. a3 Qb6+ 14. Kh1 Be7 15.
b4 O-O 16. Qc1 Qd4 17. Qe3 Qxe3 18. Bxe3 Ng4 19. Bxg4 Bxg4 20. Na4 Be2 21. Rfe1
Bg4 22. Bc5 Bxc5 23. Nxc5 b6 24. Nd3 f6 25. h3 Be6 26. Rad1 Bc4 27. Nb2 Bf7 28.
Rd6 Rac8 29. e5 fxe5 30. Rxe5 Bd5 31. c4 Bf7 32. Kg1 b5 33. c5 Bd5 34. Nd3 Rf7
35. Nc1 Rcf8 36. Re1 Ra7 37. Nd3 a5 38. Re5 axb4 39. axb4 Ra3 40. Rexd5 cxd5 41.
Rxd5 Rb3 42. c6 Rc8 43. Rxb5 Rxd3 44. Rc5 Rc7 45. b5 Rb3 46. Rd5 Kf7 47. Kf2 g6
48. g4 Rxh3 49. g5 Ke6 50. Rd4 hxg5 51. Rb4 Rh4 0-1

[Event "AUTO-OPEN-4030"]
[Site "http://www.queenalice.com/game.php?id=1561916"]
[Date "2019.2.22"]
[Round "1"]
[White "Deton"]
[Black "bouley"]
[Result "1-0"]
[WhiteElo "2091"]
[BlackElo "1827"]

1. d4 Nf6 2. Nf3 g6 3. c4 Bg7 4. Nc3 d6 5. e4 c6 6. Be2 O-O 7. O-O Bg4 8. Nh4
Bxe2 9. Qxe2 e5 10. d5 Nxd5 11. cxd5 Qxh4 12. g3 Qe7 13. dxc6 Nxc6 14. Nd5 Qd7
15. Bg5 f6 16. Be3 Ne7 17. Nxe7+ Qxe7 18. Qd2 b6 19. Rfd1 Rfd8 20. Qb4 Bf8 21.
Rd5 1-0

[Event "AUTO-OPEN-4030"]
[Site "http://www.queenalice.com/game.php?id=1561917"]
[Date "2019.2.22"]
[Round "1"]
[White "bouley"]
[Black "Deton"]
[Result "0-1"]
[WhiteElo "1822"]
[BlackElo "2096"]

1. e4 c5 2. Nf3 e6 3. d4 cxd4 4. Nxd4 Bc5 5. Nb3 Bb6 6. Be2 Nc6 7. O-O Nge7 8.
Nc3 O-O 9. Bg5 h6 10. Bh4 a6 11. Kh1 Ne5 12. Qd6 N5c6 13. f3 Qe8 14. Rfd1 Ng6
15. Be1 Qe7 16. Qxe7 Ngxe7 17. Na4 Bc7 18. Nac5 d6 19. Nd3 e5 20. c3 f5 0-1

[Event "AUTO-OPEN-4030"]
[Site "http://www.queenalice.com/game.php?id=1571342"]
[Date "2019.5.18"]
[Round "2"]
[White "speedmaxL"]
[Black "Deton"]
[Result "0-1"]
[WhiteElo "2522"]
[BlackElo "2121"]

1. Nf3 d5 2. g3 Nf6 3. Bg2 c6 4. c4 Bf5 5. O-O d4 6. d3 c5 7. b4 Qc7 8. Bf4 Qc8
9. Na3 Nbd7 10. Nb5 e5 11. Nxe5 Nh5 12. Nxd7 Kxd7 13. Bd2 a6 14. Na3 Ke8 15. e3
dxe3 16. fxe3 Nf6 17. bxc5 Bxd3 18. Qa4+ Nd7 19. Rf4 Bxc5 20. Qb3 Ne5 21. Bc3
Bxe3+ 22. Kh1 Bxf4 23. gxf4 Bxc4 24. Nxc4 Qxc4 25. Bxe5 Qxb3 26. axb3 f6 27. Bb2
Rb8 28. Rc1 Kf7 29. Rc7+ Kg6 30. Be4+ Kh6 31. f5 Rbc8 32. Rxc8 Rxc8 33. Bxb7 Rc2
34. Bd4 a5 35. Bb6 Ra2 36. Bc6 Kg5 37. Ba4 Kxf5 38. Bxa5 Kf4 39. Bc7+ Kg4 40.
Kg1 Rc2 41. Bd6 Kf3 42. Bb5 g5 43. Bf1 f5 44. b4 f4 45. b5 Rb2 46. Bc7 Rb1 47.
b6 Ke3 48. Bb8 f3 49. Ba7 Kf4 50. Kf2 Rb2+ 51. Ke1 h5 52. Kd1 f2 53. Kc1 Rb4 54.
Bg2 h4 55. b7 f1=Q+ 56. Bxf1 Rxb7 57. Bf2 Kf3 58. Be1 Ra7 59. Kb2 Re7 60. Bc3
Ra7 61. Bd4 Rb7+ 62. Kc3 g4 63. Bc4 Rd7 64. Bf1 Rc7+ 65. Kb2 Rc6 66. Be5 Kf2 67.
Bd3 Re6 68. Bc7 Rc6 69. Be5 Kf3 70. Kb3 Re6 71. Bc7 Re7 0-1

[Event "AUTO-OPEN-4030"]
[Site "http://www.queenalice.com/game.php?id=1571343"]
[Date "2019.5.18"]
[Round "2"]
[White "Deton"]
[Black "speedmaxL"]
[Result "1/2-1/2"]
[WhiteElo "2111"]
[BlackElo "2448"]

1. d4 g6 2. b3 Bg7 3. Bb2 Nf6 4. Nc3 d5 5. e3 O-O 6. Nf3 c5 7. dxc5 Ne4 8. Nd4
Nxc5 9. Be2 e5 10. Nf3 e4 11. Nd4 Nc6 12. Nxc6 bxc6 13. Rb1 f5 14. O-O Ne6 15.
g3 g5 16. Kh1 f4 17. gxf4 gxf4 18. Bg4 Kh8 19. Rg1 Rg8 20. Ne2 Bxb2 21. Rxb2 Qf6
22. Rb1 f3 23. Bxe6 Bxe6 24. Nf4 Rxg1+ 25. Qxg1 Rg8 26. Qe1 Bc8 27. Rd1 Qg7 28.
Qb4 Bh3 29. Qd4 Bg2+ 30. Kg1 Qxd4 31. Rxd4 Bh3+ 32. Kh1 Bg2+ 1/2-1/2

[Event "AUTO-OPEN-4030"]
[Site "http://www.queenalice.com/game.php?id=1571346"]
[Date "2019.5.18"]
[Round "2"]
[White "bmax"]
[Black "Deton"]
[Result "1/2-1/2"]
[WhiteElo "2127"]
[BlackElo "2096"]

1. d4 d5 2. Bf4 e6 3. e3 c5 4. c3 cxd4 5. exd4 Bd6 6. Bg3 Nf6 7. Bd3 Nc6 8. Nf3
a6 9. Nbd2 Bxg3 10. hxg3 h6 11. Qe2 Qc7 12. Ne5 Nxe5 13. dxe5 Nd7 14. Nf3 b5 15.
b4 Nb6 16. Rc1 Nc4 17. g4 Bb7 18. g5 O-O-O 19. g6 Rhf8 20. Nd4 Nxe5 21. Bb1 Qd6
22. O-O Rde8 23. gxf7 Nxf7 24. a4 bxa4 25. c4 dxc4 26. Rxc4+ Kb8 27. b5 Qe5 28.
Be4 Nd6 29. Nc6+ Bxc6 30. Rxc6 Qxe4 31. Rb6+ Ka8 1/2-1/2

[Event "AUTO-OPEN-4030"]
[Site "http://www.queenalice.com/game.php?id=1571347"]
[Date "2019.5.18"]
[Round "2"]
[White "Deton"]
[Black "bmax"]
[Result "1-0"]
[WhiteElo "2097"]
[BlackElo "2135"]

1. e4 d6 2. d4 Nf6 3. Nc3 Nbd7 4. Nf3 e5 5. Bc4 Be7 6. O-O O-O 7. Re1 Nb6 8. Bb3
c6 9. dxe5 Ng4 10. exd6 Bxd6 11. e5 Bb4 12. Bd2 a5 13. h3 Nh6 14. e6 Bxe6 15.
Bxe6 fxe6 16. Rxe6 Nc4 17. Bxh6 gxh6 18. Nd4 Nxb2 19. Qg4+ Kh8 20. Nce2 Qd5 21.
Nf4 Qg5 22. Qxg5 hxg5 23. Nh5 Rae8 24. Rxe8 Rxe8 25. Ng3 Na4 26. Rb1 Nc3 27. Ra1
Ba3 28. Rf1 Bc5 29. Nb3 Bb6 30. a4 Nxa4 31. Ra1 Nc3 32. Nxa5 h5 33. Nxb7 h4 34.
Nf5 Rf8 35. Nbd6 Bc5 36. Ra6 Nd1 37. Rxc6 Bxf2+ 38. Kf1 Ne3+ 39. Kxf2 Nxf5 40.
Rc8 Rxc8 41. Nxc8 Nd4 42. c4 Kg8 43. Ke3 Ne6 44. Nd6 Kf8 45. Ke4 Nf4 46. c5 Ke7
47. Nf5+ Kd7 48. Ne3 Kc6 49. Kf5 Kxc5 50. Kxg5 1-0

[Event "AUTO-OPEN-4030"]
[Site "http://www.queenalice.com/game.php?id=1605637"]
[Date "2020.4.3"]
[Round "3"]
[White "Deton"]
[Black "pawnforme"]
[Result "1-0"]
[WhiteElo "2144"]
[BlackElo "2054"]

1. d4 d5 2. c4 c6 3. Nc3 Nf6 4. e3 e6 5. Nf3 Nbd7 6. Bd3 dxc4 7. Bxc4 Nb6 8. Bd3
Be7 9. e4 O-O 10. O-O Kh8 11. Bc2 Qc7 12. Qd3 a6 13. e5 Nfd5 14. Qxh7# 1-0

[Event "AUTO-OPEN-4030"]
[Site "http://www.queenalice.com/game.php?id=1605638"]
[Date "2020.4.3"]
[Round "3"]
[White "pawnforme"]
[Black "Deton"]
[Result "0-1"]
[WhiteElo "2042"]
[BlackElo "2153"]

1. d4 d5 2. Nf3 c6 3. e3 Nf6 4. c4 Bf5 5. Nc3 e6 6. Be2 h6 7. cxd5 exd5 8. b3
Bb4 9. Bb2 Qa5 10. Qc1 Ne4 11. O-O Nxc3 0-1